| 000 | 01735nam0a2200337 4500 | ||
|---|---|---|---|
| 001 | RU\NLR\BIBL_A\022376952 | ||
| 005 | 20260420021159.0 | ||
| 010 |
_a978-5-907201-98-9 _9500 |
||
| 021 |
_aRU _bКН-П-24-057383 _9КН-П-24-5715 |
||
| 035 | _a(NLR Aleph) 022376952 | ||
| 090 |
_a13669597 _c13669597 |
||
| 100 | _a20241108d2024 u y0rusy50 ca | ||
| 101 | 0 | _arus | |
| 102 | _aRU | ||
| 105 | _aa j 000yy | ||
| 181 | 0 |
_ai _baxxe |
|
| 182 | 0 | _an | |
| 200 | 1 |
_aПрофилактика и лечение зубочелюстных аномалий с использованием стандартных силиконовых аппаратов _eучебное пособие _eпо специальности "Ортодонтия" _fР. А. Фадеев, В. В. Тимченко |
|
| 203 |
_aТекст _bвизуальный _cнепосредственный |
||
| 210 |
_aСанкт-Петербург _cЭко-Вектор _d2024 |
||
| 215 |
_a74 с. _cил., цв. ил., табл. _d23 |
||
| 300 | _aНа обороте тит. с. авт.: Р. А. Фадеев - д-р мед. наук, проф., В. В. Тимченко - канд. мед. наук, доц. | ||
| 320 | _aБиблиогр.: с. 70-71 | ||
| 606 | 1 |
_aЗубочелюстные аномалии детей _jУчебные издания для высших учебных заведений _92136475 _3RU\NLR\AUTH\661592587 |
|
| 686 | 1 | _aР733.665.605.0я73 | |
| 700 | 1 |
_aФадеев _bР. А. _gРоман Александрович |
|
| 701 | 1 |
_aТимченко _bВ. В. _gВладимир Владимирович |
|
| 942 | _cBOOK | ||
| 980 | _aNB | ||